000
00293nam a2200133Ia 4500
008
190216s9999||||xx |||||||||||||| ||und||
100
_a
Alan Simpson
245
0
_a
Dbase Iii Plus
250
_a
1st Ed.
260
_b
Bpb Publications
_c
1993
300
_a
414
650
_a
Computer
942
_c
BK
999
_c
8575
_d
8575